Acompanyament a l'escolaritat : pautes per a un model local de referència / Direcció i coordinació: Marga Marí-Klose i Carme Gómez-Granell pautes per a un model local de referència / Direcció i coordinació:
MARC
| LEADER | 00000nam a2200000Ia 4500 | ||
|---|---|---|---|
| 001 | 23082 | ||
| 008 | 160829s2010 xx 000 0 cat d | ||
| 020 | |a 978-84-9803-407-3 | ||
| 080 | |a E-1-394 | ||
| 245 | |a Acompanyament a l'escolaritat : |b pautes per a un model local de referència / Direcció i coordinació: |b Marga Marí-Klose i Carme Gómez-Granell | ||
| 260 | |a Barcelona : |b Diputació de Barcelona. Àrea d'Educació. Gerència de Serveis d'Educació, |c 2010 | ||
| 300 | |a 286 p. ; |c 24 cm | ||
| 490 | |a Estudis. Educació ; 2 | ||
| 590 | |a Bibliografia | ||
| 650 | |a Municipis |x Govern i administració |x Política educativa |9 41430 | ||
| 650 | |a Fracàs escolar |x Catalunya |9 41433 | ||
| 651 | 0 | |a Europa |x Política educativa |9 53808 | |
| 651 | 0 | |a Catalunya |x Política educativa |9 56252 | |
| 700 | |a Marí-Klose, Marga, dir. |9 41434 | ||
| 700 | 1 | |a Gómez Granell, Carmen |9 41435 | |
| 710 | |a Barcelona (Catalunya : Província). |b Gerència de Serveis d'Educació |9 52167 | ||
| 901 | |a Arxiu | ||
| 942 | |n 1 | ||
| 952 | |0 0 |1 0 |4 0 |6 E1394 |7 1 |9 50206 |a Arxiu |b Arxiu |d 2016-12-01 |l 0 |o E-1-394 |p 23082 |r 2016-12-01 00:00:00 |w 2016-12-01 |y ARXIU | ||
| 999 | |c 54048 |d 54048 | ||